<?xml version="1.0" encoding="UTF-8"?>
<collection xmlns="http://www.loc.gov/MARC21/slim">
 <record>
  <leader>06451nam a2200481 a 4500</leader>
  <controlfield tag="001">kal5470</controlfield>
  <controlfield tag="003">Gr-AtHEAL</controlfield>
  <controlfield tag="005">20160425100433.0</controlfield>
  <controlfield tag="006">m        d        </controlfield>
  <controlfield tag="008">160413s2015    gr      s           gre|c</controlfield>
  <datafield tag="020" ind1=" " ind2=" ">
   <subfield code="a">9789606033179</subfield>
  </datafield>
  <datafield tag="040" ind1=" " ind2=" ">
   <subfield code="a">GR-AtHEAL</subfield>
   <subfield code="b">gre</subfield>
   <subfield code="c">GR-AtHEAL</subfield>
  </datafield>
  <datafield tag="082" ind1="0" ind2="4">
   <subfield code="a">540</subfield>
   <subfield code="2">23</subfield>
  </datafield>
  <datafield tag="100" ind1="1" ind2=" ">
   <subfield code="a">Δημάδης, Κωνσταντίνος.</subfield>
   <subfield code="8">1293</subfield>
  </datafield>
  <datafield tag="245" ind1="1" ind2="0">
   <subfield code="a">Οργανομεταλλική-καταλυτική χημεία</subfield>
   <subfield code="h">[Ηλεκτρονικός πόρος] </subfield>
   <subfield code="c">Δημάδης, Κωνσταντίνος ; Κοκολάκης, Αντώνιος ; Κριτικός αναγνώστης,Μήλιος, Κωνσταντίνος ; Τεχνική και γραφιστική επιμέλεια,Κοκολάκης, Αντώνιος ; Γλωσσική επιμέλεια,Μαραγκούλα, Φωτεινή.</subfield>
  </datafield>
  <datafield tag="260" ind1=" " ind2=" ">
   <subfield code="a">Αθήνα :</subfield>
   <subfield code="b">Σύνδεσμος Ελληνικών Ακαδημαϊκών Βιβλιοθηκών,</subfield>
   <subfield code="c">c2015.</subfield>
  </datafield>
  <datafield tag="490" ind1=" " ind2=" ">
   <subfield code="a">Ακαδημαϊκά Ηλεκτρονικά Συγγράμματα και Βοηθήματα Κάλλιπος</subfield>
   <subfield code="8">40</subfield>
  </datafield>
  <datafield tag="520" ind1=" " ind2=" ">
   <subfield code="a">Το ηλεκτρονικό βιβλίο «ΟΡΓΑΝΟΜΕΤΑΛΛΙΚΗ-ΚΑΤΑΛΥΤΙΚΗ ΧΗΜΕΙΑ» απευθύνεται σε προπτυχιακούς και μεταπτυχιακούς φοιτητές Χημείας, Βιολογίας και Φαρμακευτικής, καθώς η Οργανομεταλλική Χημεία είναι μια διεπιστημονική επιστήμη που συνεχίζει να αναπτύσσεται ραγδαία , ειδικά τις τελευταίες δεκαετίες, προς όλους τους τομείς της βιομηχανίας που σχετίζονται από τον τομέα παραγωγής χημικών προϊόντων (π.χ. πολυμερών) έως τον τομέα της υγείας. Οι οργανομεταλλικές αντιδράσεις και οι καταλυτικοί κύκλοι αποτελούν χρήσιμο εργαλείο τόσο για επιστήμονες που κινούνται χρόνια στον χώρο της Οργανικής και Ανόργανης Χημείας και επιζητούν να εμπλουτίσουν τις γνώσεις του με νέες αντιδράσεις, όσο και για αναγνώστες που κάνουν την πρώτη τους επαφή με το χώρο των οργανομεταλλικών αντιδραστηρίων. Συνοπτικά οι θεματικές ενότητες οι οποίες αναλύονται περιλαμβάνουν τα στοιχεία: - δομή οργανομεταλλικών ενώσεων - η φύση των δεσμών των υποκαταστατών που υπάρχουν στα οργανομεταλλικά αντιδραστήρια - η παρασκευή οργανομεταλλικών αντιδραστηρίων και η συμμετοχή ως καταλύτες ή ως επιλεκτικά αντιδραστήρια σε αντιδράσεις Οργανικής και Ανόργανης Χημείας - μηχανιστικά μονοπάτια οργανομεταλλικών αντιδράσεων (κυρίες αντιδράσεις οξειδωτικής προσθήκης αναγωγικής απόσπασης, αποσπάσεων υδριδίου κ.α.) - πολυμερισμός οργανικών ενώσεων με ολεφινική μετάθεση από οργανομεταλλικούς καταλύτες (Schrock και Grubbs) και αντιδράσεις σχηματισμού δεσμών C-C καταλυόμενες από μεταβατικά μέταλλα (αντιδράσεις Stille, Suzuki, Heck, Negishi Sonogashira, Tsuji-Trost κ.α.). - Ομογενής (σύνθεση ακεταλδεΰδης κατά Wacker-Smidt, καταλυτική υδρογόνωση Wilkinson, οξικού οξέος κατά Monsanto κ.α.) και Ετερογενής κατάλυση (σύνθεση πολυαιθυλενίου με καταλύτες Ziegler-Natta)</subfield>
  </datafield>
  <datafield tag="650" ind1=" " ind2="0">
   <subfield code="a">Organometallic chemistry</subfield>
   <subfield code="8">2386</subfield>
  </datafield>
  <datafield tag="653" ind1=" " ind2=" ">
   <subfield code="a">Καταλύτες Γκραμπς</subfield>
  </datafield>
  <datafield tag="653" ind1=" " ind2=" ">
   <subfield code="a">Καταλυτικοί κύκλοι</subfield>
  </datafield>
  <datafield tag="653" ind1=" " ind2=" ">
   <subfield code="a">Στερεοειδική οργανική σύνθεση</subfield>
  </datafield>
  <datafield tag="653" ind1=" " ind2=" ">
   <subfield code="a">Ομογενής κατάλυση</subfield>
  </datafield>
  <datafield tag="653" ind1=" " ind2=" ">
   <subfield code="a">Π-υποκαταστάτες</subfield>
  </datafield>
  <datafield tag="653" ind1=" " ind2=" ">
   <subfield code="a">Μηχανισμοί αντιδράσεων οργανομεταλλικών αντιδραστηρίων</subfield>
  </datafield>
  <datafield tag="653" ind1=" " ind2=" ">
   <subfield code="a">Αντιδράσεις καταλυόμενες από μέταλλα</subfield>
  </datafield>
  <datafield tag="653" ind1=" " ind2=" ">
   <subfield code="a">Οργανομεταλλικά αντιδραστήρια</subfield>
  </datafield>
  <datafield tag="653" ind1=" " ind2=" ">
   <subfield code="a">Συνθετικές μέθοδοι</subfield>
  </datafield>
  <datafield tag="653" ind1=" " ind2=" ">
   <subfield code="a">Χημεία/Γενική χημεία</subfield>
   <subfield code="a">Ανόργανη χημεία</subfield>
   <subfield code="a">Κατάλυση</subfield>
   <subfield code="a">Ετερογενής κατάλυση</subfield>
  </datafield>
  <datafield tag="653" ind1=" " ind2=" ">
   <subfield code="a">Χημεία/Γενική χημεία</subfield>
   <subfield code="a">Ανόργανη χημεία</subfield>
   <subfield code="a">Κατάλυση</subfield>
   <subfield code="a">Ομογενής κατάλυση</subfield>
  </datafield>
  <datafield tag="653" ind1=" " ind2=" ">
   <subfield code="a">Χημεία/Γενική χημεία</subfield>
   <subfield code="a">Ανόργανη χημεία</subfield>
   <subfield code="a">Σύμπλοκες ενώσεις/ενώσεις συναρμογής</subfield>
  </datafield>
  <datafield tag="653" ind1=" " ind2=" ">
   <subfield code="a">Χημεία/Γενική χημεία</subfield>
   <subfield code="a">Ανόργανη χημεία</subfield>
   <subfield code="a">Στοιχεία μεταπτώσεως</subfield>
  </datafield>
  <datafield tag="653" ind1=" " ind2=" ">
   <subfield code="a">Χημεία/Γενική χημεία</subfield>
   <subfield code="a">Ανόργανη χημεία</subfield>
   <subfield code="a">Κατάλυση</subfield>
  </datafield>
  <datafield tag="653" ind1=" " ind2=" ">
   <subfield code="a">Χημεία/Γενική χημεία</subfield>
   <subfield code="a">Ανόργανη χημεία</subfield>
   <subfield code="a">Οργανομεταλλική χημεία</subfield>
  </datafield>
  <datafield tag="653" ind1=" " ind2=" ">
   <subfield code="a">Χημεία/Γενική χημεία</subfield>
   <subfield code="a">Ανόργανη χημεία</subfield>
   <subfield code="a">Δομή ανόργανων ενώσεων</subfield>
  </datafield>
  <datafield tag="653" ind1=" " ind2=" ">
   <subfield code="a">Χημεία/Γενική χημεία</subfield>
   <subfield code="a">Ανόργανη χημεία</subfield>
  </datafield>
  <datafield tag="700" ind1="1" ind2=" ">
   <subfield code="a">Κοκολάκης, Αντώνιος</subfield>
   <subfield code="e">Συγγραφέας</subfield>
   <subfield code="8">1294</subfield>
  </datafield>
  <datafield tag="700" ind1="1" ind2=" ">
   <subfield code="a">Μήλιος, Κωνσταντίνος</subfield>
   <subfield code="e">Κριτικός αναγνώστης</subfield>
   <subfield code="8">1295</subfield>
  </datafield>
  <datafield tag="856" ind1="4" ind2="0">
   <subfield code="u">http://hdl.handle.net/11419/5470</subfield>
   <subfield code="z">Πλήρες Κείμενο - Full text</subfield>
  </datafield>
  <datafield tag="907" ind1=" " ind2=" ">
   <subfield code="a">.b25679545</subfield>
   <subfield code="b">12-06-18</subfield>
   <subfield code="c">29-07-16</subfield>
  </datafield>
  <datafield tag="949" ind1=" " ind2=" ">
   <subfield code="0">0</subfield>
   <subfield code="1">0</subfield>
   <subfield code="2">ddc</subfield>
   <subfield code="4">0</subfield>
   <subfield code="6">540_000000000000000_ΔΗΜ</subfield>
   <subfield code="7">0</subfield>
   <subfield code="8">KALL</subfield>
   <subfield code="8">713</subfield>
   <subfield code="d">2016-04-13</subfield>
   <subfield code="r">2016-04-13</subfield>
   <subfield code="w">2016-04-13</subfield>
   <subfield code="z">540 ΔΗΜ</subfield>
   <subfield code="o">SEAB KALLIPOS</subfield>
  </datafield>
  <datafield tag="998" ind1=" " ind2=" ">
   <subfield code="a">80</subfield>
   <subfield code="a">01</subfield>
   <subfield code="a">02</subfield>
   <subfield code="a">03</subfield>
   <subfield code="a">04</subfield>
   <subfield code="a">05</subfield>
   <subfield code="a">06</subfield>
   <subfield code="a">07</subfield>
   <subfield code="a">08</subfield>
   <subfield code="a">09</subfield>
   <subfield code="a">10</subfield>
   <subfield code="a">11</subfield>
   <subfield code="a">12</subfield>
   <subfield code="a">13</subfield>
   <subfield code="a">14</subfield>
   <subfield code="a">15</subfield>
   <subfield code="a">16</subfield>
   <subfield code="a">17</subfield>
   <subfield code="a">18</subfield>
   <subfield code="a">19</subfield>
   <subfield code="a">20</subfield>
   <subfield code="a">21</subfield>
   <subfield code="a">22</subfield>
   <subfield code="a">23</subfield>
   <subfield code="a">24</subfield>
   <subfield code="a">25</subfield>
   <subfield code="a">26</subfield>
   <subfield code="b">16-05-17</subfield>
   <subfield code="c">m</subfield>
   <subfield code="d">z  </subfield>
   <subfield code="e">-</subfield>
   <subfield code="f">gre</subfield>
   <subfield code="g">gr </subfield>
   <subfield code="h">0</subfield>
  </datafield>
  <datafield tag="942" ind1=" " ind2=" ">
   <subfield code="2">ddc</subfield>
   <subfield code="c">KALLIPOS</subfield>
  </datafield>
 </record>
</collection>
